Statistics for Name 50 Random Countries

Click here to take the quiz!

General Stats

  • This quiz has been taken 29 times
  • The average score is 23 of 50

Answer Stats

Country% Correct
Albania
100%
Angola
100%
Argentina
100%
Armenia
100%
Australia
100%
Azerbaijan
100%
Belarus
100%
Belize
100%
Bosnia and
Herzegovina
100%
Burundi
100%
Canada
100%
Cape Verde
100%
Central African Republic
100%
China
100%
Costa Rica
100%
Cyprus
100%
Czech Republic
100%
Ecuador
100%
Estonia
100%
Fiji
100%
Haiti
100%
India
100%
Jamaica
100%
Kazakhstan
100%
Latvia
100%
Lebanon
100%
Liberia
100%
Libya
100%
Madagascar
100%
Malaysia
100%
Marshall Islands
100%
Mexico
100%
Morocco
100%
Myanmar
100%
Nauru
100%
Netherlands
100%
Niger
100%
Nigeria
100%
Panama
100%
Poland
100%
Rwanda
100%
São Tomé and Príncipe
100%
Sierra Leone
100%
Slovenia
100%
South Sudan
100%
Spain
100%
Taiwan
100%
Thailand
100%
Togo
100%
Trinidad and Tobago
100%
Tunisia
100%
Turkey
100%
Tuvalu
100%
United States
100%
Uruguay
100%
Venezuela
100%
Zambia
100%
Italy
75%
Bolivia
67%
Guatemala
67%
Kenya
67%
Laos
67%
Liechtenstein
67%
Montenegro
67%
Samoa
67%
Malawi
60%
Afghanistan
50%
Andorra
50%
Austria
50%
Bahamas
50%
Barbados
50%
Benin
50%
Bhutan
50%
Cambodia
50%
Cameroon
50%
Croatia
50%
Cuba
50%
Democratic Republic
of the Congo
50%
Ghana
50%
Grenada
50%
Guyana
50%
Iceland
50%
Iraq
50%
Jordan
50%
Kiribati
50%
Kuwait
50%
Lesotho
50%
Lithuania
50%
Monaco
50%
Mongolia
50%
Mozambique
50%
New Zealand
50%
Pakistan
50%
Papua New Guinea
50%
Singapore
50%
South Africa
50%
Syria
50%
Turkmenistan
50%
Ukraine
50%
Uzbekistan
50%
Vietnam
50%
Yemen
50%
Algeria
33%
Hungary
33%
Indonesia
33%
Republic of the Congo
33%
Antigua and Barbuda
0%
Bahrain
0%
Bangladesh
0%
Belgium
0%
Botswana
0%
Brazil
0%
Brunei
0%
Bulgaria
0%
Burkina Faso
0%
Chad
0%
Chile
0%
Colombia
0%
Comoros
0%
Denmark
0%
Djibouti
0%
Dominica
0%
Dominican Republic
0%
East Timor
0%
Egypt
0%
El Salvador
0%
Equatorial Guinea
0%
Eritrea
0%
Eswatini
0%
Ethiopia
0%
Federated States of
Micronesia
0%
Finland
0%
France
0%
Gabon
0%
Gambia
0%
Georgia
0%
Germany
0%
Greece
0%
Guinea
0%
Guinea-Bissau
0%
Honduras
0%
Iran
0%
Ireland
0%
Israel
0%
Ivory Coast
0%
Japan
0%
Kosovo
0%
Kyrgyzstan
0%
Luxembourg
0%
Maldives
0%
Mali
0%
Malta
0%
Mauritania
0%
Mauritius
0%
Moldova
0%
Namibia
0%
Nepal
0%
Nicaragua
0%
North Korea
0%
North Macedonia
0%
Norway
0%
Oman
0%
Palau
0%
Paraguay
0%
Peru
0%
Philippines
0%
Portugal
0%
Qatar
0%
Romania
0%
Russia
0%
Saint Kitts and Nevis
0%
Saint Lucia
0%
Saint Vincent and the
Grenadines
0%
San Marino
0%
Saudi Arabia
0%
Senegal
0%
Serbia
0%
Seychelles
0%
Slovakia
0%
Solomon Islands
0%
Somalia
0%
South Korea
0%
Sri Lanka
0%
Sudan
0%
Suriname
0%
Sweden
0%
Switzerland
0%
Tajikistan
0%
Tanzania
0%
Tonga
0%
Uganda
0%
United Arab Emirates
0%
United Kingdom
0%
Vanuatu
0%
Vatican City
0%
Zimbabwe
0%

Score Distribution

Percentile by Number Answered

Percent of People with Each Score

Your Score History

You have not taken this quiz